000 00331nam a2200133Ia 4500
005 20260326235442.0
008 260326s9999||||xx |||||||||||||| ||und||
100 _aHuxtable, Ada Louise
245 0 _aPier Luigi Nervi /
_cAda Louise Huxtable
260 _bGeorge Brazilier
300 _a128 p.
650 _aARQUITECTOS
942 _cBK
999 _c7457
_d7457